000 00978nam a22002417a 4500
005 20110915151412.0
008 110915t xxu||||| |||| 00| 0 eng d
010 _aENG-103694
020 _a9788184504033
_c1600.00
035 _aEN-87227
037 _bDBAD/PUB
040 _aDPL
_bEng
082 _a001.42072
100 _934730
_aVenkatamuni Reddy, R.
245 _aFundamentals of research :
_cby R. Venkatamuni Reddy
_bconcepts of research methodology, statistics, econometrics and mathematics /
260 _aNew Delhi
_bDeep and Deep Publications
_c2011
270 _aF-159, Rajouri Garden
_bNew Delhi
_e110027
300 _axI,481p.
_c24cm (Hb)
500 _aIncludes bibliographical references
700 _934731
942 _2ddc
_cEN
_mVEN
_h001.42072
999 _c56632
_d56632